00687nam a22002417a 4500001000500000005001700005020001800022040002900040050001400069082001100083100002100094245004100115250004500156260003400201300005500235505000700290520007600297521001900373521001900392650000800411650001800419650000800437228820240604152903.0 a9780545215855 aFISKHbengcFISKHdFISKH aPZ7.B7633 a813.54 aBridwell, Norman aClifford's family /cNorman Birdwell aThis edition first printing, August 2013 aNew York :bScholastic,c1984 a29 unnumbered pages :billustrations ;c20 x 20 cm aG  aClifford and Emily Elizabeth go to the city to visit Clifford's family. a450 bLexile  aG bRaz-Plus  aDog aGiant red dog aPet